Statistics for Biggest Songs Of 2023 [So Far]

Click here to take the quiz!

General Stats

  • This quiz has been taken 20 times
  • The average score is 8 of 40

Answer Stats

NoArtistAnswer% Correct
1Miley CyrusFlowers
100%
5Taylor SwiftAnti Hero
69%
4PinkpantheresssBoys A Liar
56%
3SzaKill Bill
50%
9Harry StylesAs It Was
44%
14Metro Boomin, Weeknd & 21 SavageCreepin
44%
15Sam SmithUnholy
44%
6RemaCalm Down
38%
23Ed SheeranEyes Closed
31%
12David Guetta & Bebe RexhaIm Good
31%
17Meghan TrainorMade You Look
31%
35Dave & Central CeeSprinter
31%
28David KushnerDaylight
25%
13The WeekndDie For You
25%
7Calvin Harris & Ellie GouldingMiracle
25%
27BeyonceCuff It
19%
2RayeEscapism
19%
16Lewis CapaldiForget Me
19%
19One RepublicI Aint Worried
19%
22Coi LerayPlayers
19%
25Tom OdellAnother Love
13%
10MiguelSure Thing
13%
40Stephen SanchezUntil I Found You
13%
21Tiesto & Tate McCrae10:35
6%
32Ed SheeranBad Habits
6%
20George EzraGreen Green Grass
6%
29Oliver Tree & Robin SchluzMiss You
6%
8LibiancaPeople
6%
37Ed SheeranShivers
6%
34Lewis CapaldiSomeone You Loved
6%
33LF SystemAfraid To Feel
0%
30Eliza Rose/ InterplanetaryBOTA (Baddest Of Them All)
0%
18Lizzy McalpineCeilings
0%
31Central CeeLet Go
0%
11Venbee & GoddardMessy In Heaven
0%
38The KillersMr Brightside
0%
24Lewis CapaldiPointless
0%
26Switch Disco & Ella HendersonReact
0%
36Mimi WebbRed Flags
0%
39StrandzUs Against The World
0%

Score Distribution

Percentile by Number Answered

Percent of People with Each Score

Your Score History

You have not taken this quiz